[Event "AUTO-ADV-2794"]
[Site "http://www.queenalice.com/game.php?id=1162993"]
[Date "2013.3.20"]
[Round "1"]
[White "kaskarker"]
[Black "od_xavier"]
[Result "1-0"]
[WhiteElo "1731"]
[BlackElo "1645"]

1. e4 e5 2. Bc4 Nf6 3. d3 Bc5 4. Bg5 O-O 5. Nf3 d6 6. h3 h6 7. Bh4 g5 8. Nxg5
hxg5 9. Bxg5 Nc6 10. Nc3 Nd4 11. Nd5 c6 12. Nxf6+ Qxf6 13. Bxf6 Nxc2+ 14. Qxc2
b5 15. Qd2 1-0

[Event "AUTO-ADV-2794"]
[Site "http://www.queenalice.com/game.php?id=1163006"]
[Date "2013.3.20"]
[Round "1"]
[White "Paulsains"]
[Black "kaskarker"]
[Result "1-0"]
[WhiteElo "1825"]
[BlackElo "1771"]

1. e4 e5 2. Nf3 d6 3. Bc4 h6 4. O-O Bg4 5. Be2 Nf6 6. d3 Nc6 7. Nc3 Qe7 8. h3
Bh5 9. Nh2 Bxe2 10. Nxe2 O-O-O 11. a3 g5 12. b4 d5 13. exd5 Rxd5 14. c4 Rd7 15.
Qc2 Nd4 16. Nxd4 exd4 17. Bb2 Bg7 18. Nf3 Nh5 19. Rfe1 Qd8 20. a4 Nf4 21. Bc1
Ne6 22. c5 c6 23. b5 cxb5 24. axb5 Kb8 25. c6 Rc7 26. Qa4 b6 27. Ne5 Bxe5 28.
Rxe5 Nc5 29. Rxc5 Qe7 30. Rf5 Qe1+ 31. Kh2 Qe6 32. Qxd4 Re8 33. Rf3 f5 34. g3 g4
35. hxg4 fxg4 36. Rf6 Qg8 37. Bf4 1-0

[Event "AUTO-ADV-2794"]
[Site "http://www.queenalice.com/game.php?id=1163007"]
[Date "2013.3.20"]
[Round "1"]
[White "kaskarker"]
[Black "Paulsains"]
[Result "0-1"]
[WhiteElo "1789"]
[BlackElo "1778"]

1. Nf3 d5 2. d4 e6 3. g3 Bb4+ 4. c3 Ba5 5. b4 Bb6 6. a4 a5 7. b5 Nf6 8. Bb2 O-O
9. Bg2 c6 10. Na3 Nbd7 11. c4 c5 12. cxd5 Nxd5 13. Nc4 h6 14. Nd6 Qe7 15. Nxc8
Raxc8 16. Ba3 Nb4 17. Ne5 Nxe5 18. dxe5 Rcd8 19. Qc1 Qc7 20. O-O Qxe5 21. e3 Rd7
22. Bb2 Qg5 23. Ra3 Nd3 24. Qa1 Nxb2 25. Qxb2 Rfd8 26. f4 Qg6 27. Bf3 c4 28. Qe2
Rd3 29. Bh5 Qe4 30. Ra2 Bxe3+ 0-1

[Event "AUTO-ADV-2794"]
[Site "http://www.queenalice.com/game.php?id=1163016"]
[Date "2013.3.20"]
[Round "1"]
[White "kaskarker"]
[Black "Parma"]
[Result "1/2-1/2"]
[WhiteElo "1773"]
[BlackElo "1715"]

1. e4 c5 2. Bc4 e6 3. e5 a6 4. Nf3 d5 5. exd6 Bxd6 6. O-O Nf6 7. d3 O-O 8. Nc3
Nc6 9. a4 Qc7 10. g3 Nd4 11. Ne4 Nxe4 12. Nxd4 Nxg3 13. Nxe6 Bxe6 14. fxg3 Bxc4
15. dxc4 Rad8 16. Qg4 g6 17. Bh6 Rfe8 18. Rf3 Be5 19. Raf1 Rd7 20. h4 Bd4+ 21.
Kg2 Re2+ 22. Kh3 Rxc2 23. Rxf7 Rxf7 24. Rxf7 Kxf7 25. Qf3+ Bf6 26. Qd5+ Ke7 27.
Qe4+ Be5 28. Qxc2 Bxg3 29. Qe4+ Be5 30. Bf4 Kf6 31. Bxe5+ Qxe5 32. Qxb7 Qe3+
1/2-1/2

[Event "AUTO-ADV-2794"]
[Site "http://www.queenalice.com/game.php?id=1163017"]
[Date "2013.3.20"]
[Round "1"]
[White "Parma"]
[Black "kaskarker"]
[Result "1-0"]
[WhiteElo "1662"]
[BlackElo "1811"]

1. d4 d5 2. c4 dxc4 3. e3 b5 4. a4 c6 5. axb5 Qd5 6. bxc6 Nxc6 7. Nc3 Qe6 8. d5
Qd6 9. dxc6 Qxc6 10. Qa4 Qxa4 11. Rxa4 g6 12. Nf3 Nf6 13. Bxc4 Bg7 14. O-O O-O
15. Nd5 e6 16. Ne7+ Kh8 17. Nxc8 Rfxc8 18. b3 Ne4 19. Ba3 h5 20. Bxe6 fxe6 21.
Rxe4 Rc6 22. Ng5 1-0

[Event "AUTO-ADV-2812"]
[Site "http://www.queenalice.com/game.php?id=1169270"]
[Date "2013.4.7"]
[Round "1"]
[White "kaskarker"]
[Black "GiulioTorino"]
[Result "0-1"]
[WhiteElo "1756"]
[BlackElo "1703"]

1. e4 e5 2. Bc4 Nc6 3. Nf3 Bc5 4. d3 h6 5. Nc3 Nf6 6. h3 a6 7. Nd5 d6 8. Nxf6+
Qxf6 9. Bd5 Qg6 10. g4 Qf6 11. Qe2 Nd4 12. Nxd4 Bxd4 13. c3 Bxf2+ 14. Qxf2 Qxf2+
15. Kxf2 c6 16. Bb3 O-O 17. Be3 Be6 18. Bxe6 fxe6+ 19. Kg2 Rf7 20. Rhg1 Raf8 21.
Kh1 Rf3 22. g5 Rxe3 23. Kh2 Re2+ 24. Rg2 Rff2 25. Rxf2 Rxf2+ 26. Kg3 Rxb2 27.
gxh6 gxh6 28. Kh4 Rd2 29. Rg1+ Kh7 30. Kh5 Rxd3 31. h4 d5 32. Rg6 dxe4 33. Rxh6+
Kg7 34. Rxe6 e3 35. Rxe5 Rd5 0-1

[Event "AUTO-ADV-2812"]
[Site "http://www.queenalice.com/game.php?id=1169271"]
[Date "2013.4.7"]
[Round "1"]
[White "GiulioTorino"]
[Black "kaskarker"]
[Result "0-1"]
[WhiteElo "1721"]
[BlackElo "1738"]

1. e4 e5 2. Bc4 Nf6 3. Nf3 d5 4. exd5 Nxd5 5. Nxe5 Be6 6. O-O Nd7 7. Re1 Nxe5 8.
Rxe5 Bd6 9. Re1 Qh4 10. Bxd5 Qxh2+ 11. Kf1 Qh1+ 12. Ke2 Qh5+ 13. Bf3 Qb5+ 14. d3
O-O-O 15. Nc3 Qd7 16. b3 Rde8 17. Be3 Bg4 18. Kd2 Bxf3 19. Qxf3 Bb4 20. Rad1 Re6
21. Bd4 Rxe1 22. Rxe1 Qxd4 23. Qxf7 Bxc3+ 24. Kd1 Bxe1 25. Kxe1 Qe5+ 26. Kd2 Re8
27. Kc1 b6 28. f4 Qe1+ 29. Kb2 Re6 30. Qxg7 Rc6 31. f5 Qd2 32. f6 Qxc2+ 33. Ka3
Qc1+ 34. Ka4 b5+ 35. Kb4 Qc5+ 36. Ka5 b4+ 37. Ka4 Ra6# 0-1

[Event "AUTO-ADV-2812"]
[Site "http://www.queenalice.com/game.php?id=1169272"]
[Date "2013.4.7"]
[Round "1"]
[White "kaskarker"]
[Black "jajerduco"]
[Result "1-0"]
[WhiteElo "1712"]
[BlackElo "1748"]

1. Nf3 b6 2. g3 Bb7 3. Bg2 c5 4. d3 Nc6 5. c4 Nf6 6. Bg5 Nd4 7. Nbd2 h6 8. Bxf6
gxf6 9. e3 Nxf3+ 10. Nxf3 Rb8 11. O-O Bg7 12. Qa4 a5 13. d4 O-O 14. dxc5 bxc5
15. Rad1 Bc6 16. Qc2 d6 17. Rd3 Be4 18. Rfd1 Bxd3 19. Rxd3 f5 20. Nh4 Rxb2 21.
Qa4 Rb1+ 22. Bf1 Rb4 23. Qc2 a4 24. Nxf5 Bf6 25. Nxh6+ Kg7 26. Nf5+ Kg6 27. Rd5
Rb2 28. Nh4+ Kg7 29. Nf5+ Kh8 30. Qxa4 Rg8 31. Nh6 Rg6 32. Nxf7+ Kg7 33. Nxd8
Be5 34. Qe8 Bf6 35. Qf7+ Kh6 36. Qf8+ Bg7 37. Nf7+ Kh7 38. Rh5+ Rh6 39. Bd3# 1-0

[Event "AUTO-ADV-2812"]
[Site "http://www.queenalice.com/game.php?id=1169273"]
[Date "2013.4.7"]
[Round "1"]
[White "jajerduco"]
[Black "kaskarker"]
[Result "1-0"]
[WhiteElo "1713"]
[BlackElo "1729"]

1. d3 e5 2. e4 Bb4+ 3. c3 Ba5 4. b4 Bb6 5. d4 exd4 6. cxd4 d6 7. Qf3 Bxd4 8. Bc4
Nf6 9. Nc3 Bg4 10. Qg3 Qe7 11. Nge2 Nxe4 12. Nxe4 Qxe4 13. Bd3 Bxf2+ 14. Qxf2
Qxd3 15. O-O f6 16. Nf4 Qc3 17. Bd2 Qc4 18. a4 O-O 19. Rac1 Qf7 20. h3 Bf5 21.
Qf3 c6 22. Be3 Nd7 23. g4 Ne5 24. Qd1 Be4 25. Qxd6 Nf3+ 26. Kf2 Qa2+ 27. Ne2 Nh2
28. Ra1 Qb3 29. Qxh2 Qxb4 30. Qc7 Bd3 31. Rfd1 Rad8 32. Bd2 Qc5+ 33. Be3 Qc2 34.
Rd2 Qc4 35. Re1 Qa6 36. Nd4 Rfe8 37. Ne6 1-0

[Event "AUTO-ADV-2812"]
[Site "http://www.queenalice.com/game.php?id=1169274"]
[Date "2013.4.7"]
[Round "1"]
[White "kaskarker"]
[Black "onasa"]
[Result "0-1"]
[WhiteElo "1753"]
[BlackElo "1938"]

1. e4 c5 2. Bc4 Nc6 3. Nf3 e6 4. d4 cxd4 5. Nxd4 Bc5 6. Nxc6 bxc6 7. O-O d6 8.
Nc3 Nf6 9. Bg5 h6 10. Bh4 O-O 11. Kh1 g5 12. Bg3 e5 13. f3 Nh5 14. Bf2 Bxf2 15.
Rxf2 Qb6 16. Rd2 Qxb2 17. Rxd6 Qxc3 18. Rxc6 Qd4 19. Qf1 Kg7 20. Rd1 Qb2 21. Bb3
Nf4 22. Qb5 Be6 23. c3 Qxg2# 0-1

[Event "AUTO-ADV-2812"]
[Site "http://www.queenalice.com/game.php?id=1169275"]
[Date "2013.4.7"]
[Round "1"]
[White "onasa"]
[Black "kaskarker"]
[Result "1-0"]
[WhiteElo "1928"]
[BlackElo "1753"]

1. e4 e5 2. Nf3 d6 3. d4 exd4 4. Nxd4 c5 5. Nf3 Bg4 6. Bc4 h6 7. Nc3 Nd7 8. O-O
Ne5 9. Nxe5 dxe5 10. Qxg4 Nf6 11. Qd1 Qc7 12. Be3 Nd7 13. Qd5 Nb6 14. Qd3 Nxc4
15. Qxc4 O-O-O 16. a4 Kb8 17. a5 a6 18. Nd5 Qc6 19. Ra3 f5 20. f3 f4 21. Bf2 g5
22. Rb3 Ka8 23. Rb6 Qd7 24. Rxa6+ 1-0

[Event "AUTO-ADV-2832"]
[Site "http://www.queenalice.com/game.php?id=1175471"]
[Date "2013.4.26"]
[Round "1"]
[White "vincentlennon"]
[Black "kaskarker"]
[Result "1-0"]
[WhiteElo "2001"]
[BlackElo "1736"]

1. e4 e5 2. Nc3 Bb4 3. d4 Bxc3+ 4. bxc3 exd4 5. cxd4 d6 6. Bc4 Nc6 7. c3 Nge7 8.
Bg5 O-O 9. f4 Na5 10. Bd3 f6 11. Bh4 Ng6 12. Nf3 Bg4 13. Bg3 Qe7 14. O-O f5 15.
e5 Nc6 16. d5 Na5 17. e6 c6 18. c4 cxd5 19. cxd5 h5 20. Qd2 b6 21. Ba6 Nb7 22.
Rac1 Nc5 23. Bb5 Ne4 24. Qe1 Nxg3 25. Qxg3 h4 26. Qf2 Nxf4 27. Rfd1 Bh3 28. Qxh4
Qxh4 29. Nxh4 Bxg2 30. Nxg2 Nh3+ 31. Kf1 f4 32. Rd3 f3 33. Nh4 1-0

[Event "AUTO-ADV-2832"]
[Site "http://www.queenalice.com/game.php?id=1175472"]
[Date "2013.4.26"]
[Round "1"]
[White "kaskarker"]
[Black "vincentlennon"]
[Result "0-1"]
[WhiteElo "1743"]
[BlackElo "1963"]

1. Nf3 e6 2. g3 d5 3. Bg2 c5 4. d4 Nc6 5. b3 Nf6 6. Bb2 b5 7. Nbd2 c4 8. c3 Bd6
9. b4 Ne7 10. a4 Bd7 11. a5 a6 12. O-O Ng6 13. Re1 e5 14. dxe5 Bxe5 15. Nxe5
Nxe5 16. Nf3 Qc7 17. e4 dxe4 18. Nxe5 Qxe5 19. f4 Qf5 20. Qd4 O-O 21. Bxe4 Qh5
22. Bxa8 Rxa8 23. Ra2 Bc6 24. Qf2 Qd5 25. Kf1 Ng4 0-1

[Event "AUTO-ADV-2832"]
[Site "http://www.queenalice.com/game.php?id=1175484"]
[Date "2013.4.26"]
[Round "1"]
[White "kaskarker"]
[Black "MrGreen"]
[Result "0-1"]
[WhiteElo "1731"]
[BlackElo "2133"]

1. e4 e5 2. Bc4 Nf6 3. d3 Nc6 4. Nf3 Bc5 5. h3 O-O 6. Nc3 a6 7. Nd5 Nxd5 8. Bxd5
Ne7 9. Bb3 d6 10. Ng5 h6 11. Bxf7+ Rxf7 12. Nxf7 Kxf7 13. O-O Ng6 14. Kh1 Kg8
15. f4 exf4 16. Bxf4 Nxf4 17. Rxf4 Be3 18. Rf3 Bg5 19. Qe2 Qe7 20. Raf1 Bd7 21.
R1f2 Bf6 22. c3 c5 23. a3 Kh7 24. g4 Bc6 25. Rf5 c4 26. R2f3 cxd3 0-1

[Event "AUTO-ADV-2832"]
[Site "http://www.queenalice.com/game.php?id=1175489"]
[Date "2013.4.26"]
[Round "1"]
[White "TorresR"]
[Black "kaskarker"]
[Result "0-1"]
[WhiteElo "1578"]
[BlackElo "1729"]

1. e4 e5 2. d4 exd4 3. c3 dxc3 4. Bc4 Qe7 5. Nxc3 c6 6. Nf3 b5 7. Bb3 b4 8. Na4
Qxe4+ 9. Be3 Nf6 10. O-O d5 11. Re1 Be7 12. Bxa7 Qf5 13. Bc5 Be6 14. Ne5 Rxa4
15. Bxe7 Ra7 16. Bxf6 Qxf6 17. Rc1 Rc7 18. Nxc6 O-O 19. Qc2 Nxc6 20. Qd3 Rd8 21.
Ba4 Ne5 22. Qg3 Rxc1 23. Rxc1 Ng4 24. Bd1 h5 25. f3 h4 26. Qe1 Qd4+ 27. Kh1 Nf2+
28. Kg1 Nd3+ 0-1

[Event "AUTO-ADV-2832"]
[Site "http://www.queenalice.com/game.php?id=1175490"]
[Date "2013.4.26"]
[Round "1"]
[White "kaskarker"]
[Black "TorresR"]
[Result "1-0"]
[WhiteElo "1739"]
[BlackElo "1587"]

1. Nf3 d5 2. d4 c5 3. dxc5 Nc6 4. e3 e5 5. Bb5 e4 6. Nd4 Bd7 7. Nc3 Nf6 8. Nxc6
Bxc6 9. Bxc6+ bxc6 10. Na4 Qa5+ 11. Nc3 Bxc5 12. a3 O-O 13. Bd2 Qc7 14. b4 Bb6
15. Na4 Nd7 16. Nxb6 axb6 17. O-O c5 18. b5 Ne5 19. Bc3 Rad8 20. Qh5 d4 21. exd4
cxd4 22. Bb4 Rfe8 23. Rac1 Qc4 24. Rfe1 d3 25. cxd3 Qxb5 26. dxe4 Nd3 27. Qxb5
Nxc1 28. Rxc1 Rxe4 29. Qxb6 Red4 30. Qxd4 1-0

[Event "AUTO-ADV-2897"]
[Site "http://www.queenalice.com/game.php?id=1197394"]
[Date "2013.7.6"]
[Round "1"]
[White "hatu"]
[Black "kaskarker"]
[Result "1-0"]
[WhiteElo "1800"]
[BlackElo "1748"]

1. e4 e5 2. Nf3 d6 3. d4 exd4 4. Qxd4 Nc6 5. Bb5 Bd7 6. Bxc6 Bxc6 7. Nc3 Qe7 8.
Bg5 f6 9. Be3 b6 10. O-O O-O-O 11. Qc4 Bb7 12. Nd4 Qe5 13. Ne6 d5 14. exd5 Bd6
15. Bf4 Qh5 16. Bxd6 1-0

[Event "AUTO-ADV-2897"]
[Site "http://www.queenalice.com/game.php?id=1197395"]
[Date "2013.7.6"]
[Round "1"]
[White "kaskarker"]
[Black "hatu"]
[Result "0-1"]
[WhiteElo "1734"]
[BlackElo "1831"]

1. e4 c5 2. Bc4 e6 3. d3 Nc6 4. Nf3 d5 5. exd5 exd5 6. Bb5 Qa5+ 7. Nc3 d4 8.
Bxc6+ bxc6 9. Qe2+ Ne7 10. Ne5 dxc3 11. b3 Be6 12. Qf3 Qc7 13. Bf4 Nd5 14. Bg3
Bd6 15. Qe2 O-O 16. O-O-O Rae8 17. f4 Nb4 18. a3 Qa5 0-1

[Event "AUTO-ADV-2897"]
[Site "http://www.queenalice.com/game.php?id=1197410"]
[Date "2013.7.6"]
[Round "1"]
[White "thewhitebishop"]
[Black "kaskarker"]
[Result "1-0"]
[WhiteElo "2036"]
[BlackElo "1744"]

1. d4 d5 2. c4 e6 3. Nc3 Ne7 4. f3 Bd7 5. e4 dxc4 6. Bxc4 Nbc6 7. Nge2 Na5 8.
Bd3 Nec6 9. a3 Qh4+ 10. g3 Qf6 11. b4 Nxb4 12. axb4 Bxb4 13. O-O Nb3 14. Qxb3
1-0

[Event "AUTO-ADV-2897"]
[Site "http://www.queenalice.com/game.php?id=1197411"]
[Date "2013.7.6"]
[Round "1"]
[White "kaskarker"]
[Black "thewhitebishop"]
[Result "0-1"]
[WhiteElo "1749"]
[BlackElo "2031"]

1. Nf3 c5 2. g3 Nc6 3. Bg2 d5 4. b3 e6 5. Bb2 f6 6. d4 b6 7. a4 Nh6 8. Nbd2 Nf5
9. c4 Ba6 10. Rc1 cxd4 11. cxd5 Nb4 12. dxe6 d3 13. Nh4 dxe2 0-1

[Event "AUTO-ADV-2897"]
[Site "http://www.queenalice.com/game.php?id=1197422"]
[Date "2013.7.6"]
[Round "1"]
[White "kaskarker"]
[Black "ThiagoTanaka"]
[Result "0-1"]
[WhiteElo "1761"]
[BlackElo "1833"]

1. e4 c6 2. d4 d5 3. e5 Bf5 4. Bf4 e6 5. c4 Bb4+ 6. Nd2 Ne7 7. a3 Ba5 8. b4 Bc7
9. c5 O-O 10. Ngf3 Nd7 11. Nh4 f6 12. Nxf5 Nxf5 13. Nf3 Qb8 14. Qe2 fxe5 15.
dxe5 Nd4 16. Nxd4 Rxf4 17. Nxe6 Re4 18. Qxe4 dxe4 19. Bc4 Kh8 20. Ng5 Nxe5 21.
Be6 Nd3+ 22. Kf1 h6 23. Nf7+ Kh7 24. Bf5+ Kg8 25. Bxe4 Nxf2 26. Nxh6+ gxh6 27.
Kxf2 Bxh2 28. Rae1 Qg3+ 29. Kf1 Rf8+ 30. Bf3 Rxf3+ 0-1

[Event "AUTO-ADV-2897"]
[Site "http://www.queenalice.com/game.php?id=1197423"]
[Date "2013.7.6"]
[Round "1"]
[White "ThiagoTanaka"]
[Black "kaskarker"]
[Result "0-1"]
[WhiteElo "1803"]
[BlackElo "1740"]

1. d4 d5 2. c4 e6 3. cxd5 Qxd5 4. e3 Bb4+ 5. Bd2 Nc6 6. Bb5 Qxb5 7. Nc3 Bxc3 8.
Bxc3 Nf6 9. Ne2 Bd7 10. O-O Ne4 11. Qc2 Nxc3 12. bxc3 O-O-O 13. Rab1 Qc4 0-1